Statistics for Paper Rings - Taylor Swift (All Lyrics)

Click here to take the quiz!

General Stats

  • This quiz has been taken 71 times
  • The average score is 411 of 477

Answer Stats

Lyrics% Correct
a
100%
I
100%
marry
100%
paper
100%
rings,
100%
rings
100%
you
100%
but
98%
on
98%
one
98%
one,
98%
(One,
98%
shiny
98%
The
98%
the
98%
things,
98%
When
98%
when
98%
your
98%
You're
98%
you're
98%
Like
96%
like
96%
that
96%
want
96%
want,
96%
with
96%
friends
94%
I'd
94%
that's
94%
To
94%
to
94%
We
94%
we
94%
right
92%
right,
92%
and
90%
Darling,
90%
darling,
90%
in
90%
In
90%
me
90%
me,
90%
went
90%
Went
90%
first,
88%
first
88%
met
88%
accident,
87%
except
87%
from
87%
hate
87%
night
87%
this
87%
(Uh)
87%
Uh
87%
Oh,
85%
(Oh)
85%
accidents,
83%
be
83%
high
83%
moon
83%
Three
83%
three,
83%
three
83%
two
83%
two,
83%
internet
81%
is
81%
Kiss
81%
all
79%
huh
79%
huh,
79%
it
79%
stalk
79%
times
79%
'cause
77%
four)
77%
frames,
77%
it's
77%
know
77%
read
77%
alright
75%
gonna
75%
had
75%
home
75%
life
75%
my
75%
once
75%
picture
75%
too
75%
twice
75%
waited
75%
whole
75%
bed
73%
beside
73%
books
73%
long
73%
Now
73%
of
73%
were
73%
baby
71%
dirty
71%
I've
71%
so
71%
tried
71%
watch
69%
blue
67%
cold
67%
dreams
67%
or
67%
up
67%
boy
65%
I'm
65%
shoulder
65%
street
65%
ah,
63%
Ah
63%
back
63%
breathe
63%
gave
63%
makes
63%
wake
63%
wine
63%
brother's
62%
even
62%
for
62%
jumped
62%
painted
62%
wall
62%
arms
60%
if
60%
month
60%
pool
60%
takes
60%
around
58%
away
58%
complications
58%
icy
58%
Which
58%
drive
56%
outdoor
56%
without
56%
Cat
54%
dreary
54%
here
54%
Mondays
54%
mouse
54%
winter,
54%
Wrap
54%
standing
52%
color
50%
Honey,
50%
tall,
50%
fights
48%
flaws
48%
wouldn't
48%
exes,
46%
(Ayy)
13%

Score Distribution

Percentile by Number Answered

Percent of People with Each Score

Your Score History

You have not taken this quiz